{"text_format":"3","workbook":"xls","n_sheets":3,"sheets":["Sheet1","Sheet2","Sheet3"],"read":"whole","date_system":"1900","formulas":"cached_only"}

{"sheet":"Sheet1","index":0,"n_rows":19,"n_cols":6,"rows_kept":19,"merged":[[0,0,1,5]],"flags":["formulas_cached_only"]}
["萧山国际机场空港隧道维修工程工程量清单"]
[]
["子目号","子目名称","单位","数量","单价","合价"]
[401,"路面沉降缝修复（8条）"]
[-1,"沉降缝维修（凿除砼、清理）","m",119,120,{"v":14280,"d":"14280.00"}]
[-2,"重新铺装","m",119,215,{"v":25585,"d":"25585.00"}]
[-3,"5#槽钢","m",119,27,{"v":3213,"d":"3213.00"}]
[-4,"ᶲ12钢筋","kg",86.935,6.5,{"v":565.0775,"d":"565.08"}]
[-5,"铺装超早强砼维修","m3",2.36,16500,{"v":38940,"d":"38940.00"}]
[-6,"植钢筋（深度15cm）","孔",400,29.5,{"v":11800,"d":"11800.00"}]
[402,"路面砼修复"]
[-1,"破损路面挖除","m3",2.34,850,{"v":1988.9999999999998,"d":"1989.00"}]
[-2,"路面铺装超早强砼维修","m3",2.34,16500,{"v":38610,"d":"38610.00"}]
[-3,"钢筋","kg",318.36,6.5,2069.34]
[null,"植钢筋（深度15cm）","孔",90,29.5,{"v":2655,"d":"2655.00"}]
[403,"排水改造"]
[-1,"搭设平台","项",1,3000,{"v":3000,"d":"3000.00"}]
[-2,"排水孔","个",2,3500,{"v":7000,"d":"7000.00"}]
[null,"合计",{"$nulls":3},{"v":149706.4175,"d":"149706.42"}]

{"sheet":"Sheet2","index":1,"n_rows":0,"n_cols":0,"rows_kept":0,"flags":["formulas_cached_only"]}

{"sheet":"Sheet3","index":2,"n_rows":0,"n_cols":0,"rows_kept":0,"flags":["formulas_cached_only"]}